Countries of Europe in Alphabetical Order - Statistics

General Stats
  • This quiz has been taken 25 times
  • The average score is 25 of 45
Answers on the Map
Answers color-coded by a green-red scale on the quiz's map according to % correct below.
 
Answer Stats
Country % Correct
Albania
100%
Andorra
95%
Austria
80%
Belarus
70%
Belgium
70%
Bosnia and Herzegovina
70%
Bulgaria
65%
Croatia
65%
Czech Republic
60%
Denmark
60%
Estonia
55%
Finland
55%
France
55%
Germany
55%
Greece
55%
Hungary
55%
Iceland
55%
Ireland
55%
Italy
55%
Kosovo
55%
Latvia
55%
Liechtenstein
55%
Lithuania
55%
Luxembourg
55%
Malta
50%
Moldova
50%
Monaco
50%
Montenegro
50%
Netherlands
50%
North Macedonia
50%
Norway
50%
Poland
50%
Portugal
50%
Romania
50%
Russia
50%
San Marino
50%
Slovakia
50%
Slovenia
50%
Spain
50%
Sweden
50%
Switzerland
50%
Ukraine
50%
United Kingdom
50%
Serbia
45%
Vatican City
45%
No matching quizzes found
Score Distribution
Percent of People with Each Score
Percentile by Number Answered
Your Score History
You have not taken this quiz